Allama Mohammad Iqbal (Record no. 18263)

MARC details
000 -LEADER
fixed length control field 00632nam a2200241 a 4500
020 ## - INTERNATIONAL STANDARD BOOK NUMBER
ISBN 969416X
082 00 - DEWEY DECIMAL CLASSIFICATION NUMBER
Classification number 922.97
Author Cutter SID2
100 ## - MAIN ENTRY--AUTHOR NAME
Author name Siddiqi, Iqbal Ahmed
245 ## - TITLE STATEMENT
Title Allama Mohammad Iqbal
Sub title Taqreeren, Tahreeren Aur Bayanat
260 ## - PUBLICATION, DISTRIBUTION, ETC. (IMPRINT)
Place of publication Lahore
Name of publisher Iqbal Academy
Year of publication 1999
300 ## - PHYSICAL DESCRIPTION
Number of Pages 352p
500 ## - GENERAL NOTE
General note includes index and biblioraphy
505 2# - FORMATTED CONTENTS NOTE
Formatted contents note index
650 ## - SUBJECT ADDED ENTRY--TOPICAL TERM
Topical Term Iqbal Muhammad-Speeches
942 ## - ADDED ENTRY ELEMENTS (KOHA)
Koha item type Books
700 1# -
-- Siddiqi, Iqbal Ahmed
Holdings
Collection code Home library Current library Date acquired Cost, normal purchase price Full call number Accession Number Koha item type
  Henry Martyn Institute Library Henry Martyn Institute Library 06/06/2007 200.00 922.97 SID2 11001188 Books
                   Copyright © 2026 | Henry Martyn Institute | Hyderabad | TS-500052 | INDIA | Implemented by hmi.edu.in
Hit-Count:

Powered by Koha